000 00216nam a2200097Ia 4500
008 220204s9999 xx 000 0 und d
082 _a82-3
_bMAS
100 _aMasterson, Louis
245 0 _aBell of death
942 _cBK
999 _c31037
_d31037